Franco-Serrano Suñer (Record no. 103576)

MARC details
000 -LEADER
campo de control de longitud fija 00938nam a2200289 i 4500
001 - NÚMERO DE CONTROL
campo de control 103576
003 - IDENTIFICADOR DE NÚMERO DE CONTROL
campo de control ES-MaACL
005 - FECHA Y HORA DE LA ÚLTIMA TRANSACCIÓN
campo de control 20240219213320.0
007 - CAMPO FIJO DE DESCRIPCIÓN FÍSICA--INFORMACIÓN GENERAL
campo de control de longitud fija t|
008 - DATOS DE LONGITUD FIJA--INFORMACIÓN GENERAL
campo de control de longitud fija 060418s1986 sp ||||1| spa d
020 ## - NÚMERO INTERNACIONAL ESTÁNDAR DEL LIBRO
Número Internacional Estándar del Libro 84-320-4381-8
080 ## - NÚMERO DE LA CLASIFICACIÓN DECIMAL UNIVERSAL
Número de la Clasificación Decimal Universal 32 Serrano Suñer, Ramón
080 ## - NÚMERO DE LA CLASIFICACIÓN DECIMAL UNIVERSAL
Número de la Clasificación Decimal Universal 32 Franco Bahamonde, Francisco
080 ## - NÚMERO DE LA CLASIFICACIÓN DECIMAL UNIVERSAL
Número de la Clasificación Decimal Universal 9(460)"1939/75"
100 1# - ENTRADA PRINCIPAL--NOMBRE DE PERSONA
Nombre de persona Garriga, Ramón.
9 (RLIN) 55740
245 10 - MENCIÓN DEL TÍTULO
Título Franco-Serrano Suñer
Resto del título : un drama político /
Mención de responsabilidad, etc. Ramón Garriga Alemany.
250 ## - MENCION DE EDICION
Mención de edición 1ª ed.
260 ## - PUBLICACIÓN, DISTRIBUCIÓN, ETC.
Lugar de publicación, distribución, etc. Barcelona :
Nombre del editor, distribuidor, etc. Planeta,
Fecha de publicación, distribución, etc. 1986.
300 ## - DESCRIPCIÓN FÍSICA
Extensión 209 p. :
Otras características físicas il. ;
Dimensiones 21 cm.
490 1# - MENCIÓN DE SERIE
Mención de serie Documento ;
Designación de volumen o secuencia 197
600 14 - PUNTO DE ACCESO ADICIONAL DE MATERIA--NOMBRE DE PERSONA
Nombre de persona Serrano Suñer, Ramón,
Fechas asociadas al nombre 1901-2003
9 (RLIN) 105805
600 14 - PUNTO DE ACCESO ADICIONAL DE MATERIA--NOMBRE DE PERSONA
Nombre de persona Franco Bahamonde, Francisco,
Fechas asociadas al nombre 1892-1975
9 (RLIN) 52240
651 #4 - PUNTO DE ACCESO ADICIONAL DE MATERIA--NOMBRE GEOGRÁFICO
Nombre geográfico España-
Subdivisión general Historia-
Subdivisión cronológica 1939-1975, Dictadura.
9 (RLIN) 167928
830 0# - PUNTO DE ACCESO ADICIONAL DE SERIE-TÍTULO UNIFORME
Título uniforme Documento ;
Designación de volumen o secuencia 197
9 (RLIN) 177347
852 ## - LOCALIZACIÓN
Ubicación ES-MaACL
Número de control de estantería C-56892
Sublocalización o colección R.130971
Holdings
Estatus retirado Estado de pérdida Estado de daño No para préstamo Biblioteca de origen Biblioteca actual Ubicación en estantería Fecha de adquisición Fuente de adquisición Total de préstamos Signatura topográfica completa Código de barras Visto por última vez Precio de reemplazo Tipo de ítem Koha
        Biblioteca del Ateneo de Madrid Biblioteca del Ateneo de Madrid Depósito 2 17/01/2008     C-56892 1108144 23/02/2023 23/02/2023 Libro impreso